| 000 | 00370cam a2200145 a 4500 | ||
|---|---|---|---|
| 020 | _a2225649332 : | ||
| 040 | _cDLC | ||
| 082 | 0 | 0 | _a551 MAS 1980 A034 Or. |
| 100 | 1 | _aGoguel, Jean. | |
| 245 | 1 | 0 | _aGéologie de l'environnement / |
| 260 |
_aParis ; _aNew-York : _bMasson, _c1980. |
||
| 300 |
_a190 p. : _bill. ; _c24 cm. |
||
| 650 | 0 | _aEnvironmental geology. | |
| 942 | _cFB | ||
| 999 |
_c12255 _d12255 |
||